00327 2200145 4500245004100000250001100041100002200052650001600074650001700090005001900107260001800126041001400144084001400158336000900172 aBecoming MecArthika RahmadanihText aCet. 1 aArthika Rahmadani aKarya Siswa aAutobiografi a20250520140415 aJakartac2025 aIndonesia a081 ART b atext